Statistiken für Welcher Film gewann mehr Oscars?

Klicken Sie hier um das Quiz zu spielen!

Allgemein

  • Dieses Quiz wurde 154 mal gespielt
  • Das Durchschnittsergebnis liegt bei 5 aus 10

Antwortstatistiken

FrageAntwort% Korrekt
Welcher Film gewann mehr Oscars?Ben-Hur (1959)
75%
Welcher Film gewann mehr Oscars?Schindlers Liste (1993)
67%
Welcher Film gewann mehr Oscars?Vom Winde verweht (1939)
63%
Welcher Film gewann mehr Oscars?Der Herr der Ringe: Die Rückkehr des Königs (2003)
62%
Welcher Film gewann mehr Oscars?Das Schweigen der Lämmer (1991)
51%
Welcher Film gewann mehr Oscars?Gravity (2013)
51%
Welcher Film gewann mehr Oscars?Rocky (1976)
50%
Welcher Film gewann mehr Oscars?Parasite (2019)
49%
Welcher Film gewann mehr Oscars?Die Faust im Nacken (1954)
31%
Welcher Film gewann mehr Oscars?Der englische Patient (1996)
28%

Verteilung der Resultate

Perzentil nach korrekt beantworteten Fragen

Anzahl Personen mit jedem Resultat

Ihre Resultats-Entwicklung

Sie haben dieses Quiz noch nicht gespielt